000 01272nji a22003137a 4500
005 20100917150641.0
006 a|||||r|||||00| 0
007 sd ammalaaahaa
008 100830t xxu||||| |||| 00| 0 eng d
028 _a45NLP. 1079
_bEMI
035 _aGR-03116
040 _aSED
_cSED
100 _917455
_aMangeshkar, Lata
245 _aBaton baton mein /
_cby Lata Mangeshkar; lyric by Amit Khanna; music by Rajesh Roshan
_h[sound recording] :
246 _aबातों बातों में / लता मंगेशकर द्वारा
260 _aDum Dum, India
_bEMI
_cn.d.
300 _a1 sound disc [Gramophone Recording]:
_banalog, 33 1/3 rpm
_c12 in. (LP)
_fGramophone Record
500 _aBrief Record
500 _aRecord labels : EMI, Red
505 _aSide-1 (Uthe sabke kadam) (Lata Mangeshkar, Amit Kumar [and] Pearl Padamsee) --Side-2 (Suniye kahiye) (Asha Bhosle [and] Kishore Kumar)
600 _aMangeshkar, Lata
_920551
650 _aFilm songs
_zIndia
_91186
_xExcerpts
700 _aAmit Kumar
_920569
700 _aPearl Padamsee
_920570
700 _aKhanna, Amit
_920571
700 _aRajesh Roshan
_920572
942 _2ddc
_cGR
999 _c46559
_d46559